| 000 | 00625nam a2200205 i 4500 | ||
|---|---|---|---|
| 001 | 64928 | ||
| 003 | ES-MaACL | ||
| 005 | 20230906165246.0 | ||
| 007 | t| | ||
| 008 | 040107s1980 sp ||||1| spa d | ||
| 100 | 1 |
_aFournier, Albert. _951972 |
|
| 245 | 1 | 0 |
_aRiñón e hipertensión arterial / _cpor A. Fournier, J. Vaysse, M. Lacombe ; versión, G. del Rio. |
| 250 | _a[1ª ed.]. | ||
| 260 |
_aBarcelona : _bToray, _c[1980] |
||
| 300 |
_aXVI, 211 p. : _bil. ; _c25 cm. |
||
| 700 | 1 |
_aVaysse, J. _9113339 |
|
| 700 | 1 |
_aLacombe, M. _969381 |
|
| 700 | 1 |
_aRío, Gerardo del. _9144734 |
|
| 852 |
_aES-MaACL _jA-4925 _bR.100170 |
||
| 999 |
_c64928 _d64928 |
||